SUPPLEMENT TO CULTIVATION AND UTILIZATION OF MEDICINAL PLANTS (Record no. 9640)

MARC details
000 -LEADER
fixed length control field 00347nam a22001337a 4500
003 - CONTROL NUMBER IDENTIFIER
control field SGT
082 ## - DEWEY DECIMAL CLASSIFICATION NUMBER
Classification number 615
Item number S96H
100 ## - MAIN ENTRY--PERSONAL NAME
Personal name HANDA, S.S & KAUL, M.K, ED
245 ## - TITLE STATEMENT
Title SUPPLEMENT TO CULTIVATION AND UTILIZATION OF MEDICINAL PLANTS
260 ## - PUBLICATION, DISTRIBUTION, ETC. (IMPRINT)
Place of publication, distribution, etc NEW DELHI
Name of publisher, distributor, etc R R L -CSIR
Year of Publication 1996
300 ## - PAGE DESCRIPTION
No. of Pages 849
650 ## - SUBJECT ADDED ENTRY--TOPICAL TERM
Topical term or geographic name as entry element PHARMACY MEDICINAL PLANT
942 ## - ADDED ENTRY ELEMENTS (KOHA)
Source of classification or shelving scheme Dewey Decimal Classification
Koha item type Books
Holdings
Withdrawn status Lost status Source of classification or shelving scheme Damaged status Use restrictions Not for loan Collection code Home library Current library Shelving location Date acquired Vendor Name Cost, normal purchase price SGTU Bill Number Full call number Accession No. (Barcode) Date last seen Bill Date Koha item type
    Dewey Decimal Classification   Restricted Access   PHARMACY SGT FA-FP Library SGT FA-FP Library Reference Book 25/07/2016 UNIVERSAL BOOK 900.00 SGTU 156 615 S96H FP1997 25/07/2016 15/07/2016 Rare Books